000
00290nam a22001337a 4500
008
170306b xxu||||| |||| 00| 0 eng d
020
_a
9780683302646
041
_a
eng
080
_2
10TH
_a
611
100
_a
6
101
_a
SHM
245
_a
ATLAS OF ANATOMY
_c
AGUR, A.M.R
942
_2
udc
_c
BK
999
_c
6856
_d
6856